00627 2200205 4500001002100000005001500021008004100036020001800077035002000095082001200115084001900127100001900146245013600165250001400301260002800315300003800343650001800381990001100399990001100410INLIS00000000000515420260428094842260428 0 ind  a979-3465-20-4 a0010-0721000413 a297.135 a297.135 ERF m0 aErfan Soebahar1 aMenguak Fakta Keabsahan Al-sunnah :bKritik Mushthafa Al-siba : Terhadap Pemikiran Ahmad Amin Mengenai Hadist Dalam Fajh Al - Islam aCetakan 1 aBogor :bKencana,c2003 a302 halaman :bilustrasi ;c21 cm 4aKritik Hadist a020968 a020969